书目信息 |
| 题名: |
全国计算机等级考试真题(笔试+上机)详解与样题精选
|
|
| 作者: | 黄庆宏 , 丁为民 编著 | |
| 分册: | ||
| 出版信息: | 北京 清华大学出版社 2005.2 |
|
| 页数: | 399页 | |
| 开本: | 26cm | |
| 丛书名: | ||
| 单 册: | ||
| 中图分类: | TP3BA-44 | |
| 科图分类: | ||
| 主题词: | 电子计算机--dian zi ji suan ji--水平考试--解题 , BASIC语言--BASIC yu yan--程序设计--水平考试--解题 , 电子计算机--dian zi ji suan ji , BASIC语言--BASIC yu yan , 程序设计--cheng xu she ji | |
| 电子资源: | ||
| ISBN: | 7-302-10337-2 | |
| 000 | 01356cam0 2200337 450 | |
| 001 | 012005070066 | |
| 005 | 20051124160641.32 | |
| 010 | @a7-302-10337-2@dCNY36.00(含光盘) | |
| 010 | @a7-89494-651-6@b光盘 | |
| 100 | @a20050716d2005 em y0chiy0121 ea | |
| 101 | 0 | @achi |
| 102 | @aCN@b110000 | |
| 105 | @ay zq 000yy | |
| 200 | 1 | @a全国计算机等级考试真题(笔试+上机)详解与样题精选@Aquan guo ji suan ji deng ji kao shi zhen ti ( bi shi + shang ji ) xiang jie yu yang ti jing xuan@e二级公共基础知识+Visual Basic@f黄庆宏,丁为民编著 |
| 210 | @a北京@c清华大学出版社@d2005.2 | |
| 215 | @a399页@d26cm@e光盘1片 | |
| 320 | @a有书目 | |
| 330 | @a本书主要包括:数据结构与算法;程序设计基础;软件工程基础;数据库设计基础;Visual Basic程序开发环境等内容。 | |
| 333 | @a阅读对象:高校相关专业师生等 | |
| 517 | 1 | @a二级公共基础知识+Visual Basic@Aer ji gong gong ji chu zhi shi +Visual Basic |
| 606 | 0 | @a电子计算机@Adian zi ji suan ji@x水平考试@j解题 |
| 606 | 0 | @aBASIC语言@ABASIC yu yan@x程序设计@x水平考试@j解题 |
| 606 | 0 | @a电子计算机@Adian zi ji suan ji |
| 606 | 0 | @aBASIC语言@ABASIC yu yan |
| 606 | 0 | @a程序设计@Acheng xu she ji |
| 690 | @aTP3BA-44@v4 | |
| 701 | 0 | @a黄庆宏@Ahuang qing hong@4编著 |
| 701 | 0 | @a丁为民@Ading wei min@4编著 |
| 801 | 0 | @aCN@bSRXX@c20051124 |
| 801 | 2 | @aCN@bSRXX@c20051110 |
| 905 | @a10447@dTP3BA-44@eH870 | |
| 全国计算机等级考试真题(笔试+上机)详解与样题精选:二级公共基础知识+Visual Basic/黄庆宏,丁为民编著.-北京:清华大学出版社,2005.2 |
| 399页;26cm+光盘1片 |
| 使用对象:阅读对象:高校相关专业师生等 |
| ISBN 7-302-10337-2:CNY36.00(含光盘) |
| 本书主要包括:数据结构与算法;程序设计基础;软件工程基础;数据库设计基础;Visual Basic程序开发环境等内容。 |
| ● |
| 相关链接 |
|
|
|
正题名:全国计算机等级考试真题(笔试+上机)详解与
索取号:TP3BA-44/H870
 
预约/预借
| 序号 | 登录号 | 条形码 | 馆藏地/架位号 | 状态 | 备注 |
| 1 | 543808 | 205438089 | 自科库301/301自科库 45排2列5层/ [索取号:TP3BA-44/H870] | 在馆 | |
| 2 | 543809 | 205438098 | 自科库301/301自科库 101排2列1层/ [索取号:TP3BA-44/H870] | 在馆 | |
| 3 | 543810 | 205438105 | 自科库301/301自科库 45排2列5层/ [索取号:TP3BA-44/H870] | 在馆 |